000 00724nam a2200217Ia 4500
005 20260429111959.0
008 260429s9999||||xx |||||||||||||| ||und||
020 _a9780000988416
041 _aEnglish
082 _a615.895
_bSCH
100 _aScherman, Daniel
245 0 _aAdvanced textbook on gene transfer, gene therapy and genetic pharmacology :
_bprinciples, delivery and pharmacological and biomedical applications of nucleotide-based therapies /
_cDaniel Scherman
250 _a2nd ed.
260 _aSingapore :
_bWorld Scientific Publishing,
_c2020.
300 _axv, 617 p.; pbk
650 _a Gene therapy
650 _a Gene transfer
650 _a Therapies
650 _aPharmacology
942 _cTB
999 _c51726
_d51726